000 00378nam a2200145Ia 4500
008 230917s9999||||xx |||||||||||||| ||und||
040 _e118954
_aMAIN
041 _aEnglish
082 _a338.4791 C399C
100 _aChawla, Romila
245 0 _aCrisis management and tourism development
260 _aNew Delhi
_bSonali Publications
_c2004
300 _a187 p.
942 _cBK
999 _c129433
_d129433